[Event "World Team-ch Women 2019"]
[Site "Astana"]
[Date "2019.03.08"]
[Round "4.19"]
[White "Moaataz, Ayah"]
[Black "Terbe, Julianna"]
[Result "0-1"]
[WhiteElo "2036"]
[BlackElo "2306"]
[Annotator "RC"]
[PlyCount "120"]
[EventDate "2019.02.05"]
[EventType "team-tourn"]
[EventCountry "KAZ"]
[SourceTitle "playchess.com"]
[Source "ChessBase"]
[SourceQuality "1"]
[WhiteTeam "Egypt"]
[BlackTeam "Hungary"]
[WhiteTeamCountry "EGY"]
[BlackTeamCountry "HUN"]
[TimeControl "40/5400+30:1800+30"]

1. c4 {[%emt 0:00:00]} Nf6 {[%emt 0:00:00]} 2. g3 {[%emt 0:00:00]} c6 {[%emt 0:00:00]} 3. Bg2 {[%emt 0:00:00]} d5 {[%emt 0:00:00]} 4. Nf3 {[%emt 0:00:05]} dxc4 {[%emt 0:00:00]} 5. Qc2 {[%emt 0:00:32]} b5 {[%emt 0:00:10]} 6. b3 {[%emt 0:01:08]} cxb3 {[%emt 0:01:32]} 7. axb3 {[%emt 0:00:05]} Bb7 {[%emt 0:01:46]} 8. Ba3 {[%emt 0:01:11]} Nbd7 {[%emt 0:02:57]} 9. d4 {[%emt 0:00:09]} Qa5+ {[%emt 0:05:54]} 10. b4 {[%emt 0:03:42]} Qb6 {[%emt 0:01:34]} 11. Nbd2 {[%emt 0:00:52]} e6 {[%emt 0:02:39]} 12. Nb3 {[%emt 0:01:10]} Be7 {[%emt 0:01:30]} 13. O-O {[%emt 0:00:32]} O-O {[%emt 0:01:38]} 14. Rfc1 {[%emt 0:03:09]} Rac8 {[%emt 0:08:37]} 15. e4 {[%emt 0:14:32]} Rfd8 {[%emt 0:04:43]} 16. Nc5 {[%emt 0:09:20]} Qc7 {[%emt 0:09:22]} 17. Nxb7 {[%emt 0:07:52]} Qxb7 {[%emt 0:00:48]} 18. Bf1 {[%emt 0:05:31]} Qb8 {[%emt 0:07:55]} 19. Bd3 {[%emt 0:07:23]} g6 {[%emt 0:03:39]} 20. Qb3 {[%emt 0:01:53]} Nb6 {[%emt 0:08:25]} 21. Rc2 {[%emt 0:05:24]} Nfd7 {[%emt 0:03:31]} 22. Rac1 {[%emt 0:04:13]} Qb7 {[%emt 0:00:45]} 23. Bb2 {[%emt 0:01:42]} a6 {[%emt 0:04:04]} 24. h4 {[%emt 0:04:39]} Bf6 {[%emt 0:02:54]} 25. Re1 {[%emt 0:02:58]} Re8 {[%emt 0:03:28]} 26. e5 {[%emt 0:02:45]} Be7 {[%emt 0:04:02]} 27. Bc1 {[%emt 0:00:18]} Nd5 {[%emt 0:04:11]} 28. Bd2 {[%emt 0:00:08]} N7b6 {[%emt 0:00:48]} 29. Kg2 {[%emt 0:01:15]} h5 {[%emt 0:05:17]} 30. Rb2 {[%emt 0:03:01]} Bf8 {[%emt 0:01:25]} 31. Ra1 {[%emt 0:02:37]} Ne7 {[%emt 0:01:25]} 32. Ng5 {[%emt 0:02:56]} Nbd5 {[%emt 0:01:33]} 33. Rba2 {[%emt 0:02:41]} c5 {[%emt 0:03:24]} 34. Be4 {[%emt 0:00:59]} cxd4 {[%emt 0:02:06]} 35. Rxa6 {[%emt 0:00:34]} Ra8 {[%emt 0:01:51]} 36. R6a5 {[%emt 0:02:46]} Nf5 {[%emt 0:00:56]} 37. Bxd5 {[%emt 0:01:23]} exd5 {[%emt 0:00:08]} 38. f4 {[%emt 0:00:21]} Rxa5 {[%emt 0:02:19]} 39. bxa5 {[%emt 0:00:52]} Ra8 {[%emt 0:00:29]} 40. a6 {[%emt 0:00:00]} Qc6 {[%emt 0:00:00]} 41. Ra5 {[%emt 0:03:32]} Qc4 {[%emt 0:08:10]} 42. Qxb5 {[%emt 0:01:31]} Qxb5 {[%emt 0:00:53]} 43. Rxb5 {[%emt 0:00:05]} Rxa6 {[%emt 0:00:04]} 44. Kf2 {[%emt 0:09:47]} Ra2 {[%emt 0:04:08]} 45. Nf3 {[%emt 0:00:15]} Rc2 {[%emt 0:02:27]} 46. Rxd5 {[%emt 0:03:32]} Bb4 {[%emt 0:00:26]} 47. Ke2 {[%emt 0:00:14]} Bxd2 {[%emt 0:02:24]} 48. Nxd2 {[%emt 0:01:41]} Rc3 {[%emt 0:03:33]} 49. Nf1 {[%emt 0:02:35]} Nxg3+ {[%emt 0:04:04]} 50. Nxg3 {[%emt 0:00:06]} Rxg3 {[%emt 0:00:03]} 51. Rd8+ {[%emt 0:00:24]} Kg7 {[%emt 0:00:06]} 52. Rxd4 {[%emt 0:00:05]} Rg4 {[%emt 0:00:52]} 53. Kf3 {[%emt 0:02:08]} Rxh4 {[%emt 0:00:08]} 54. Kg3 {[%emt 0:02:39]} Rg4+ {[%emt 0:01:45]} 55. Kf3 {[%emt 0:00:16]} g5 {[%emt 0:01:38]} 56. Re4 {[%emt 0:00:53]} Rxf4+ {[%emt 0:01:23]} 57. Rxf4 {[%emt 0:00:06]} gxf4 {[%emt 0:00:03]} 58. Kxf4 {[%emt 0:00:08]} Kg6 {[%emt 0:00:04]} 59. Ke4 {[%emt 0:06:07]} Kg5 {[%emt 0:00:16]} 60. Kf3 {[%emt 0:02:20]} Kf5 {[%emt 0:00:05]} 0-1

[Event "World Team-ch Women 2019"]
[Site "Astana"]
[Date "2019.03.08"]
[Round "4.20"]
[White "Havanecz, Bianka"]
[Black "Ehab, Tasneem"]
[Result "1/2-1/2"]
[WhiteElo "2270"]
[BlackElo "1841"]
[Annotator "NA"]
[PlyCount "128"]
[EventDate "2019.02.05"]
[EventType "team-tourn"]
[EventCountry "KAZ"]
[SourceTitle "playchess.com"]
[Source "ChessBase"]
[SourceQuality "1"]
[WhiteTeam "Hungary"]
[BlackTeam "Egypt"]
[WhiteTeamCountry "HUN"]
[BlackTeamCountry "EGY"]
[TimeControl "40/5400+30:1800+30"]

1. d4 {[%emt 0:00:00]} Nf6 {[%emt 0:00:00]} 2. c4 {[%emt 0:00:00]} g6 {[%emt 0:00:00]} 3. Nf3 {[%emt 0:00:00]} Bg7 {[%emt 0:00:00]} 4. Nc3 {[%emt 0:00:00]} O-O {[%emt 0:00:00]} 5. e4 {[%emt 0:00:00]} d6 {[%emt 0:00:00]} 6. Be2 {[%emt 0:00:00]} e5 {[%emt 0:01:15]} 7. O-O {[%emt 0:00:03]} Nc6 {[%emt 0:00:07]} 8. dxe5 {[%emt 0:00:45]} dxe5 {[%emt 0:00:52]} 9. Bg5 {[%emt 0:00:06]} h6 {[%emt 0:02:20]} 10. Qxd8 {[%emt 0:01:52]} Rxd8 {[%emt 0:02:48]} 11. Bxf6 {[%emt 0:00:06] E97: King's Indian: Classical Main Line (6...e5 7 0-0 Nc6): 8 Be3 and 8 d5 Ne7, not 9 Ne1} Bxf6 {[%emt 0:00:38]} 12. Nd5 {[%emt 0:00:04]} Bg7 {[%emt 0:00:30]} (12... Kg7 13. Nxc7 Rb8 14. h3 Nd4 15. Nxd4 Rxd4 16. Ne8+ {1-0 (16) Swapnil,S (2533)-Zhou,Y (2449) chess.com INT 2018}) 13. Nxc7 {[%emt 0:00:09]} Rb8 {[%emt 0:00:34]} 14. Rad1 {[%emt 0:03:41]} Bg4 {[%emt 0:01:03]} 15. Rxd8+ $146 {[%emt 0:01:57]} ({Predecessor:} 15. Nd5 Bxf3 16. Bxf3 f5 17. b4 Kf7 18. Rfe1 Rd7 19. exf5 gxf5 {1-0 (38) Kurz,R-Rocholz,G Germany 1998}) 15... Rxd8 {[%emt 0:00:11]} 16. Nd5 {[%emt 0:00:19]} Bxf3 {[%emt 0:03:17]} 17. Bxf3 {[%emt 0:00:17]} Nd4 {[%emt 0:00:35]} 18. Rc1 {[%emt 0:02:37]} Kf8 {[%emt 0:05:54]} 19. Kf1 {[%emt 0:00:29]} h5 {[%emt 0:02:35]} 20. Bd1 {[%emt 0:07:43]} Rc8 {[%emt 0:02:48]} 21. Ke1 {[%emt 0:02:07]} Ke8 {[%emt 0:02:49]} 22. b4 {[%emt 0:01:50]} Kd8 {[%emt 0:03:51]} 23. Rc3 {[%emt 0:05:48]} Bf8 {[%emt 0:02:58]} 24. Kd2 {[%emt 0:04:57]} a5 {[%emt 0:07:21]} 25. bxa5 {[%emt 0:04:52]} Ra8 {[%emt 0:00:53]} 26. Bb3 {[%emt 0:03:09]} Rxa5 {[%emt 0:00:51]} 27. Rd3 {[%emt 0:04:59]} Bc5 {[%emt 0:07:55]} 28. f4 {[%emt 0:00:59]} exf4 {[%emt 0:02:38]} 29. Nxf4 {[%emt 0:01:04]} Ke7 {[%emt 0:01:12]} 30. Kc3 {[%emt 0:01:19]} Nc6 {[%emt 0:06:45]} 31. Nd5+ {[%emt 0:02:00]} Ke6 {[%emt 0:02:46]} 32. Rf3 {[%emt 0:01:10]} Bd4+ {[%emt 0:07:20]} 33. Kd2 {[%emt 0:00:05]} Rc5 {[%emt 0:04:37]} 34. Nf4+ {[%emt 0:03:04]} Ke7 {[%emt 0:00:46]} 35. Rf1 {[%emt 0:03:53]} Ne5 {[%emt 0:04:23]} 36. Rb1 {[%emt 0:01:06]} Ra5 {[%emt 0:06:42]} 37. a4 {[%emt 0:01:27]} Kd6 {[%emt 0:01:14]} 38. Ne2 {[%emt 0:02:34]} Bc5 {[%emt 0:02:31]} 39. Kc3 {[%emt 0:00:09]} Ng4 {[%emt 0:03:12]} 40. Bc2 {[%emt 0:00:00]} b6 {[%emt 0:00:00]} 41. Nd4 {[%emt 0:07:33]} Ra6 {[%emt 0:13:54]} 42. Rf1 {[%emt 0:02:58]} Ne3 {[%emt 0:04:43]} 43. Nb5+ {[%emt 0:17:28]} Ke7 {[%emt 0:00:26]} 44. Ra1 {[%emt 0:03:41]} Nxg2 {[%emt 0:02:21]} 45. e5 {[%emt 0:00:36]} Ne3 {[%emt 0:01:55]} 46. Be4 {[%emt 0:01:53]} Ng4 {[%emt 0:02:44]} 47. e6 {[%emt 0:01:37]} fxe6 {[%emt 0:01:13]} 48. Bxg6 {[%emt 0:00:18]} Ra8 {[%emt 0:02:30]} 49. Bxh5 {[%emt 0:00:36]} Nf6 {[%emt 0:00:18]} 50. Bg6 {[%emt 0:01:34]} Rh8 {[%emt 0:00:32]} 51. Re1 {[%emt 0:03:58]} Rh3+ {[%emt 0:01:48]} 52. Bd3 {[%emt 0:00:06]} Ng4 {[%emt 0:06:05]} 53. Kc2 {[%emt 0:11:16]} Rxh2+ {[%emt 0:00:41]} 54. Re2 {[%emt 0:01:20]} Rxe2+ {[%emt 0:00:47]} 55. Bxe2 {[%emt 0:00:01]} Nf6 {[%emt 0:00:44]} 56. Bf3 {[%emt 0:00:25]} e5 {[%emt 0:00:23]} 57. Kd3 {[%emt 0:02:53]} Ke6 {[%emt 0:00:48]} 58. Nc3 {[%emt 0:03:51]} Kd6 {[%emt 0:02:24]} 59. Nb5+ {[%emt 0:03:47]} Ke6 {[%emt 0:00:13]} 60. Bg2 {[%emt 0:02:25]} Kf5 {[%emt 0:01:58]} 61. Nc3 {[%emt 0:00:12]} Ke6 {[%emt 0:00:31]} 62. Bd5+ {[%emt 0:02:33]} Kd6 {[%emt 0:01:17]} 63. Nb5+ {[%emt 0:00:52]} Ke7 {[%emt 0:00:33]} 64. Nc3 {[%emt 0:04:15]} e4+ $11 1/2-1/2

[Event "World Team-ch Women 2019"]
[Site "Astana"]
[Date "2019.03.09"]
[Round "5.1"]
[White "Tan, Zhongyi"]
[Black "Lagno, Kateryna"]
[Result "1-0"]
[WhiteElo "2513"]
[BlackElo "2559"]
[Annotator "TA"]
[PlyCount "67"]
[EventDate "2019.02.05"]
[EventType "team-tourn"]
[EventCountry "KAZ"]
[SourceTitle "playchess.com"]
[Source "ChessBase"]
[SourceQuality "1"]
[WhiteTeam "China"]
[BlackTeam "Russia"]
[WhiteTeamCountry "CHN"]
[BlackTeamCountry "RUS"]

{[%evp 13,67,39,29,18,26,31,34,0,0,0,0,0,5,0,0,0,105,85,84,96,100,0,0,0,56,54,168,170,160,61,73,50,52,0,65,77,181,183,193,193,197,181,201,208,345,376,503,495,482,490,845,800,29987,29988,29992,29993]} 1. d4 d5 2. c4 dxc4 3. e4 Nf6 4. e5 Nd5 5. Bxc4 Nb6 6. Bd3 Nc6 7. Ne2 Bg4 8. Be3 {D20: Queen's Gambit Accepted: 3 e3 and 3 e4} Qd7 9. Nbc3 O-O-O 10. O-O {White is slightly better.} Nxe5 11. Bb5 Nc6 12. Rc1 {Threatens to win with d5!} e5 $146 ({Predecessor:} 12... a6 13. Bxc6 Qxc6 14. f3 Bf5 15. Bf4 Rd7 {½-½ (31) Wojtaszek,R (2746)-Laznicka,V (2651) Germany 2017}) 13. f3 $36 {[%mdl 2048] White has some pressure.} Be6 $1 14. Na4 $1 Nd5 (14... Bd5 $11 {keeps the balance.}) 15. Bxc6 $1 $16 bxc6 16. Bf2 Nb6 17. b4 (17. Re1 $16) 17... Bxb4 $11 18. Qd3 Kb7 ({Better is} 18... Nxa4 $11 19. Qa6+ Kb8) 19. Qb1 $14 Nxa4 (19... Bf8 $14) 20. Qxb4+ $18 {[%mdl 64] Double Attack} Nb6 21. a4 {[#]} (21. dxe5 $16 Qd2 22. Nc3) 21... a5 $1 $14 22. Qxa5 {Strongly threatening Qb4.} Ra8 $1 {[%cal Ra8a5]} 23. Qe1 (23. Qc5 $14) 23... Rxa4 (23... Bc4 $11) 24. Nc3 Rxd4 (24... Rc4 $16) 25. Qxe5 $18 {[%mdl 64] Double Attack} Rc4 26. Ne4 (26. Qxg7 Rd8) 26... Qd5 27. Qxg7 Rd8 28. Nc5+ ({Don't take} 28. Qxh7 $6 Rxc1 29. Rxc1 Bf5 $16) 28... Kc8 (28... Kb8 {was worth a try.} 29. Rxc4 (29. Qxh7 Rxc1 30. Rxc1 Qg5 $16) 29... Qxc4) 29. Qa1 {Intending Qa6+ and mate.} ({Not} 29. Qxh7 Rxc1 30. Rxc1 Qg5 $16) 29... Kb8 30. Na6+ Kb7 {[#]} 31. Nxc7 $1 {[%mdl 512]} Rxc1 (31... Ra4 $142) (31... Kxc7 32. Qa7+) 32. Rxc1 {Hoping for Qa6+.} Kxc7 33. Qa7+ {[%mdl 64] Double Attack} Kc8 34. Bxb6 {Accuracy: White = 65%, Black = 39%.} 1-0

[Event "World Team-ch Women 2019"]
[Site "Astana"]
[Date "2019.03.09"]
[Round "5.2"]
[White "Kosteniuk, Alexandra"]
[Black "Huang, Qian"]
[Result "1/2-1/2"]
[WhiteElo "2545"]
[BlackElo "2441"]
[Annotator "TA"]
[PlyCount "76"]
[EventDate "2019.02.05"]
[EventType "team-tourn"]
[EventCountry "KAZ"]
[SourceTitle "playchess.com"]
[Source "ChessBase"]
[SourceQuality "1"]
[WhiteTeam "Russia"]
[BlackTeam "China"]
[WhiteTeamCountry "RUS"]
[BlackTeamCountry "CHN"]

{[%evp 15,76,0,68,-14,0,0,-5,-29,-35,-53,-46,-54,-46,-64,-58,-58,-51,-114,-89,-100,-83,-100,-100,-101,-97,-106,-108,-95,-98,-125,-137,-146,-132,-129,-91,-91,-91,-91,-91,-92,-91,-87,-71,-75,-75,-78,-78,-82,-82,-91,-91,-102,-102,-102,-91,-91,-91,-98,-82,-93,-36,-91,-37]} 1. e4 c5 2. Nf3 d6 3. Bb5+ Nc6 4. O-O Bd7 5. c3 Nf6 6. Re1 a6 {B51: Sicilian: Moscow Variation (3 Bb5+) without 3...Bd7} 7. Bc4 Bg4 8. d4 e6 {LiveBook: 15 Games} ({Better is} 8... cxd4 $11 9. cxd4 e5) 9. Be2 $146 (9. d5 $14 Ne5 10. Be2) ({Predecessor:} 9. d5 Ne5 10. Be2 Nxf3+ 11. Bxf3 Bxf3 12. Qxf3 e5 13. a4 Be7 14. a5 {1-0 (38) Bartel,M (2609)-Duda,J (2724) Zgierz 2018}) 9... cxd4 10. cxd4 d5 11. exd5 Nxd5 12. Nbd2 Be7 13. Nc4 Rc8 $36 {[%mdl 2048] Black is more active.} 14. Ne3 Bh5 15. h3 O-O 16. Ng4 (16. a3 $15) 16... Bg6 17. a3 Qb6 18. Nge5 Nxe5 19. Nxe5 Rfd8 20. Bd3 Bf6 {[#] And now ...Bxe5 would win.} 21. Bxg6 hxg6 22. Qg4 Ne7 23. Be3 Nf5 24. Qe4 Qxb2 {[%cal Rf5d4]} 25. Rab1 Qxa3 {White must now prevent ...Rc7.} 26. Qxb7 Bxe5 27. dxe5 Nxe3 28. Rxe3 Rc3 29. Qb6 Rf8 30. Ree1 Rc2 31. Ra1 {[#]} Ra2 $1 {[%cal Ra2a1]} 32. Rxa2 Qxa2 $17 {[%mdl 4096] Endgame KQR-KQR} 33. Rd1 Qe2 34. Ra1 Qxe5 35. Qxa6 Rd8 36. Rc1 Qd4 37. Qb7 Qd5 (37... Qf4 $17 38. Rc8 Rxc8 39. Qxc8+ Kh7) 38. Qe7 (38. Qxd5 $15 Rxd5 39. Rc8+ Kh7 40. Rc7) 38... Qd6 {Precision: White = 43%, Black = 57%.} (38... Ra8 $17) 1/2-1/2

[Event "World Team-ch Women 2019"]
[Site "Astana"]
[Date "2019.03.09"]
[Round "5.3"]
[White "Lei, Tingjie"]
[Black "Gunina, Valentina"]
[Result "1-0"]
[WhiteElo "2477"]
[BlackElo "2515"]
[Annotator "RC"]
[PlyCount "73"]
[EventDate "2019.02.05"]
[EventType "team-tourn"]
[EventCountry "KAZ"]
[SourceTitle "playchess.com"]
[Source "ChessBase"]
[SourceQuality "1"]
[WhiteTeam "China"]
[BlackTeam "Russia"]
[WhiteTeamCountry "CHN"]
[BlackTeamCountry "RUS"]
[TimeControl "40/5400+30:1800+30"]

1. d4 {[%emt 0:00:00]} Nf6 {[%emt 0:00:00]} 2. c4 {[%emt 0:00:02]} e6 {[%emt 0:00:00]} 3. g3 {[%emt 0:00:15]} Bb4+ {[%emt 0:00:18]} 4. Bd2 {[%emt 0:00:25]} c5 {[%emt 0:00:35]} 5. Bxb4 {[%emt 0:03:11]} cxb4 {[%emt 0:00:18]} 6. Bg2 {[%emt 0:00:07]} O-O {[%emt 0:00:23]} 7. e4 {[%emt 0:05:38]} d6 {[%emt 0:02:15]} 8. Ne2 {[%emt 0:00:35]} e5 {[%emt 0:05:37]} 9. O-O {[%emt 0:03:32]} Bg4 {[%emt 0:01:18]} 10. f3 {[%emt 0:12:36]} Be6 {[%emt 0:00:45]} 11. Qd3 {[%emt 0:01:58]} Qb6 {[%emt 0:07:30]} 12. Kh1 {[%emt 0:02:52]} a5 {[%emt 0:06:49]} 13. Nd2 {[%emt 0:03:18]} Na6 {[%emt 0:14:28]} 14. Rfd1 {[%emt 0:01:17]} Rac8 {[%emt 0:05:40]} 15. Rac1 {[%emt 0:00:11]} Rfd8 {[%emt 0:03:16]} 16. Nf1 {[%emt 0:05:56]} h6 {[%emt 0:11:04]} 17. Ne3 {[%emt 0:01:28]} Bd7 {[%emt 0:01:42]} 18. Rd2 {[%emt 0:05:17]} a4 {[%emt 0:01:46]} 19. Rcd1 {[%emt 0:02:39]} Qa5 {[%emt 0:04:04]} 20. b3 {[%emt 0:09:11]} b5 {[%emt 0:03:02]} 21. g4 {[%emt 0:15:20]} Nc7 {[%emt 0:07:24]} 22. h4 {[%emt 0:03:03]} Qa7 {[%emt 0:00:47]} 23. Ng3 {[%emt 0:09:14]} bxc4 {[%emt 0:01:51]} 24. Nxc4 {[%emt 0:02:07]} Bb5 {[%emt 0:03:21]} 25. g5 {[%emt 0:05:18]} hxg5 {[%emt 0:00:44]} 26. hxg5 {[%emt 0:00:03]} Nh7 {[%emt 0:00:12]} 27. g6 {[%emt 0:00:19]} fxg6 {[%emt 0:00:44]} 28. Bh3 {[%emt 0:03:15]} Rb8 {[%emt 0:02:47]} 29. dxe5 {[%emt 0:01:32]} dxe5 {[%emt 0:01:45]} 30. Qe3 {[%emt 0:00:06]} Qa8 {[%emt 0:01:38]} 31. Nxe5 {[%emt 0:02:46]} Nf8 {[%emt 0:00:27]} 32. Qc5 {[%emt 0:01:07]} Rxd2 {[%emt 0:02:24]} 33. Rxd2 {[%emt 0:00:04]} Ne8 {[%emt 0:08:06]} 34. Qe7 {[%emt 0:01:21]} Rb6 {[%emt 0:02:45]} 35. Qf7+ {[%emt 0:00:06]} Kh7 {[%emt 0:00:31]} 36. Rh2 {[%emt 0:00:49]} Nf6 {[%emt 0:00:56]} 37. Bf5+ {[%emt 0:00:10]} 1-0

[Event "World Team-ch Women 2019"]
[Site "Astana"]
[Date "2019.03.09"]
[Round "5.4"]
[White "Goryachkina, Aleksandra"]
[Black "Ding, Yixin"]
[Result "1-0"]
[WhiteElo "2504"]
[BlackElo "2432"]
[Annotator "TA"]
[PlyCount "141"]
[EventDate "2019.02.05"]
[EventType "team-tourn"]
[EventCountry "KAZ"]
[SourceTitle "playchess.com"]
[Source "ChessBase"]
[SourceQuality "1"]
[WhiteTeam "Russia"]
[BlackTeam "China"]
[WhiteTeamCountry "RUS"]
[BlackTeamCountry "CHN"]

{[%evp 20,141,31,14,13,9,7,-10,5,0,22,22,8,22,21,19,18,7,18,14,14,16,14,12,58,21,22,22,23,31,27,31,35,14,15,14,14,14,21,20,18,17,27,25,25,27,41,41,41,40,83,75,86,70,108,104,120,119,118,118,119,119,118,118,123,120,120,119,127,116,118,114,147,146,143,97,100,99,99,104,233,226,203,213,336,334,354,335,350,180,334,320,354,345,272,264,512,488,873,837,971,964,930,825,870,820,1007,746,987,975,702,654,654,629,958,929,825,785,2495,2547,29983,29984,29984,29985]} 1. d4 Nf6 2. c4 e6 3. Nf3 d5 4. Nc3 c5 5. cxd5 Nxd5 6. e4 Nxc3 7. bxc3 cxd4 8. cxd4 Bb4+ 9. Bd2 Bxd2+ 10. Qxd2 O-O 11. Rc1 b6 {D41: Queen's Gambit Declined: Semi-Tarrasch with 5 cxd5} 12. Bd3 Bb7 (12... Ba6 13. Bxa6 Nxa6 14. O-O Rc8 15. Rxc8 Qxc8 16. Rc1 Qb7 17. Qc2 Nb4 18. Qc4 a5 19. a3 {½-½ (45) Navara,D (2741)-Carlsen,M (2842) Biel 2018}) 13. Qe3 Nd7 {The position is equal.} 14. e5 h6 15. O-O Rc8 16. Nd2 Qg5 17. Qxg5 hxg5 18. Bb5 Nb8 19. Nc4 {Black should prevent Nd6.} a6 $146 20. Nd6 axb5 21. Nxb7 ({Of course not} 21. Nxc8 Bxc8 22. Rc7 Rd8 $15) 21... f6 (21... b4 {feels hotter.} 22. Nd6 Rc3 23. Rxc3 bxc3 24. Rc1 Nc6) 22. Nd6 (22. exf6 {looks sharper.} gxf6 23. Nd6 Rxc1 24. Rxc1 Na6 25. Rc6) 22... Rxc1 23. Rxc1 {d5 is the strong threat.} fxe5 24. Nxb5 exd4 25. Nxd4 $11 {[%mdl 4096] Endgame KRN-KRN} Kf7 26. Re1 Re8 $1 27. Nf3 Kf6 $1 28. Nd2 Rd8 29. Ne4+ Kg6 30. Nc3 Kf7 31. f3 Rd3 32. Ne4 Kg6 33. Nf2 Rd6 $1 34. Re5 Rc6 {Threatens to win with ...Rc1+.} 35. Ne4 Nd7 36. Rxg5+ Kf7 37. a4 Rc1+ 38. Kf2 Ra1 39. Rg4 Ne5 40. Nd6+ Ke7 41. Rd4 Ra2+ 42. Kg3 Rc2 43. h4 g6 44. Kh3 Rc1 45. f4 Rc3+ 46. g3 Nd7 47. Rc4 Rd3 48. Nc8+ Kd8 49. Na7 Re3 (49... Ke7 $16 {keeps fighting.} 50. Nc8+ Kd8) 50. Nc6+ $18 Ke8 51. Rd4 Nf6 {[#]} (51... Rb3 {might work better.} 52. Rd6 Nf6) 52. Rd8+ $1 Kf7 53. Rd3 Re4 54. Rd4 (54. Ne5+ $142 Kf8 55. Rd6) 54... Re3 $2 (54... Rxd4 {was worth a try.} 55. Nxd4 Ne4) 55. Ne5+ Kg7 {[#]} 56. Rd3 $1 {[%cal Rd3e3]} Re4 57. Rd6 {[%mdl 64] Double Attack} Nd5 $2 (57... Rxa4 58. Rxb6 Ra8 59. Rxe6 Ra7) 58. Rxe6 Rxa4 (58... Nf6 $142 59. Re7+ Kg8) 59. Rxg6+ Kh7 60. h5 b5 61. Kg4 Ra7 62. Rd6 Ne3+ 63. Kf3 Nf5 64. Rd3 b4 65. Ke4 Ng7 66. g4 Ne6 {If only Black now had time for ...Nc5+....} 67. Rd6 Nc5+ 68. Kd4 Rc7 69. g5 Na4 70. g6+ Kg7 71. Ng4 {Accuracy: White = 82%, Black = 49%.} 1-0

[Event "World Team-ch Women 2019"]
[Site "Astana"]
[Date "2019.03.09"]
[Round "5.5"]
[White "Muzychuk, Mariya"]
[Black "Abdumalik, Zhansaya"]
[Result "1/2-1/2"]
[WhiteElo "2560"]
[BlackElo "2469"]
[Annotator "RC"]
[PlyCount "73"]
[EventDate "2019.02.05"]
[EventType "team-tourn"]
[EventCountry "KAZ"]
[SourceTitle "playchess.com"]
[Source "ChessBase"]
[SourceQuality "1"]
[WhiteTeam "Ukraine"]
[BlackTeam "Kazakhstan"]
[WhiteTeamCountry "UKR"]
[BlackTeamCountry "KAZ"]
[TimeControl "40/5400+30:1800+30"]

1. d4 {[%emt 0:00:00]} Nf6 {[%emt 0:00:00]} 2. c4 {[%emt 0:00:00]} g6 {[%emt 0:00:18]} 3. Nc3 {[%emt 0:00:13]} d5 {[%emt 0:00:08]} 4. cxd5 {[%emt 0:00:29]} Nxd5 {[%emt 0:00:21]} 5. e4 {[%emt 0:00:10]} Nxc3 {[%emt 0:00:10]} 6. bxc3 {[%emt 0:00:04]} Bg7 {[%emt 0:01:08]} 7. Qa4+ {[%emt 0:02:11]} Nd7 {[%emt 0:04:43]} 8. Nf3 {[%emt 0:00:16]} O-O {[%emt 0:01:17]} 9. Be2 {[%emt 0:00:24]} e5 {[%emt 0:07:14]} 10. O-O {[%emt 0:04:21]} Nb6 {[%emt 0:02:19]} 11. Qc2 {[%emt 0:09:13]} exd4 {[%emt 0:04:58]} 12. cxd4 {[%emt 0:00:04]} Bg4 {[%emt 0:03:07]} 13. Bb2 {[%emt 0:26:06]} Bxf3 {[%emt 0:13:38]} 14. Bxf3 {[%emt 0:00:09]} Bxd4 {[%emt 0:00:24]} 15. Rfd1 {[%emt 0:03:21]} c5 {[%emt 0:00:11]} 16. Bxd4 {[%emt 0:00:14]} cxd4 {[%emt 0:00:15]} 17. Qb2 {[%emt 0:00:50]} Qf6 {[%emt 0:05:54]} 18. Qxd4 {[%emt 0:00:40]} Qxd4 {[%emt 0:00:45]} 19. Rxd4 {[%emt 0:00:04]} Rfd8 {[%emt 0:00:26]} 20. Rxd8+ {[%emt 0:09:02]} Rxd8 {[%emt 0:00:05]} 21. e5 {[%emt 0:01:47]} Re8 {[%emt 0:02:01]} 22. Bxb7 {[%emt 0:00:40]} Rxe5 {[%emt 0:00:06]} 23. g3 {[%emt 0:00:32]} Ra5 {[%emt 0:01:42]} 24. Bf3 {[%emt 0:04:47]} Ra3 {[%emt 0:05:57]} 25. Bd1 {[%emt 0:00:18]} Nd5 {[%emt 0:02:12]} 26. Bb3 {[%emt 0:00:41]} Nb4 {[%emt 0:01:00]} 27. Bc4 {[%emt 0:01:20]} a5 {[%emt 0:03:21]} 28. Re1 {[%emt 0:04:52]} Rc3 {[%emt 0:00:46]} 29. Re4 {[%emt 0:01:02]} Kg7 {[%emt 0:06:01]} 30. Bb3 {[%emt 0:00:35]} Nc6 {[%emt 0:07:50]} 31. Kg2 {[%emt 0:01:10]} g5 {[%emt 0:01:42]} 32. h4 {[%emt 0:05:58]} h6 {[%emt 0:04:29]} 33. hxg5 {[%emt 0:02:14]} hxg5 {[%emt 0:00:06]} 34. Re8 {[%emt 0:01:03]} Nd4 {[%emt 0:06:35]} 35. Re5 {[%emt 0:02:22]} Nxb3 {[%emt 0:01:20]} 36. axb3 {[%emt 0:00:08]} Kg6 {[%emt 0:00:41]} 37. Rxa5 {[%emt 0:00:08]} 1/2-1/2